000 00814nam a2200241 a 4500
001 000008512
005 20240412074207.0
008 090917s2006 dr 001 0 spa d
020 _a9945410040
040 _aDO-SdBNP
_bspa
_cBNPHU
082 _aRD860.44
_bT266m
100 1 _aTejada, Rita
_922841
245 1 0 _aMujeres, Eros y Tánatos en el romancero dominicano /
_cRita Tejada.
260 _aSanto Domingo :
_bLetra Gráfica,
_c2006.
300 _a158 p. ;
_c23 cm.
500 _aIncluye índice
500 _aIncluye datos biográficos del autor en la solapa de la cubierta
500 _aIncluye referencias bibliográficas y notas al pie de las páginas
650 0 _aLiteratura dominicana.
_967
650 4 _aMujeres en la literatura
_91388
650 4 _aAmor en la literatura
_922842
049 _aBNPD
999 _c8282
_d8282